ABC-Hauptstädte-Weltquiz – Füllen Sie die Hauptstädte aus - Statistiken

Allgemein
  • Dieses Quiz wurde 125 mal gespielt
  • Das Durchschnittsergebnis liegt bei 10 aus 24
Antwortstatistiken
Hint Antwort % Korrekt
A Amsterdam
82%
P Paris
63%
M Madrid
62%
O Oslo
61%
H Helsinki
58%
S Stockholm
57%
L London
56%
R Rom
56%
B Budapest
55%
W Wien
54%
D Dublin
50%
K Kopenhagen
50%
Z Zagreb
48%
C Chișinău
35%
Q Quito
35%
I Islamabad
32%
J Jerusalem
32%
T Tallinn
29%
U Ulaanbaatar
29%
V Valletta
24%
F Freetown
16%
G Guatemala-Stadt
14%
N Nikosia
14%
Y Yaoundé
5%
Keine übereinstimmenden Quizze gefunden
Verteilung der Resultate
Anzahl Personen mit jedem Resultat
Perzentil nach korrekt beantworteten Fragen
Ihre Resultats-Entwicklung
Sie haben dieses Quiz noch nicht gespielt